[Event "Cairo Egyptian op"]
[Site "Cairo"]
[Date "2016.04.25"]
[Round "5"]
[White "Elnemr, Mohamed"]
[Black "Elazzawy, Walid"]
[Result "0-1"]
[WhiteElo "2107"]
[BlackElo "1918"]
[PlyCount "88"]
[EventDate "2016.04.22"]
[EventType "swiss"]
[EventRounds "9"]
[EventCountry "EGY"]
[SourceTitle "CBM 172 Extra"]
[Source "ChessBase"]
[SourceDate "2016.06.21"]
[SourceVersion "1"]
[SourceVersionDate "2016.06.21"]
[SourceQuality "1"]

1. d4 d5 2. c4 e6 3. Nc3 Be7 4. Bf4 Nf6 5. e3 0-0 6. c5 c6 7. Bd3 Nbd7 8. Nf3 b6 9. b4 a5 10. b5 bxc5 11. bxc6 Nb6 12. Nb5 c4 13. Bc2 Ba6 14. a4 Bb4+ 15. Kf1 Rc8 16. Ne5 Qe7 17. Qf3 Ne4 18. Bxe4 dxe4 19. Qxe4 Nxa4 20. Rxa4 Bxb5 21. Ra1 f6 22. Nf3 c3+ 23. Kg1 Rxc6 24. h4 c2 25. Kh2 Rfc8 26. Rhc1 Rc3 27. d5 Bd3 28. Qxe6+ Qxe6 29. dxe6 Ra3 30. e4 Rxa1 31. Rxa1 Bc3 32. Ra3 Bxe4 33. Bc1 Kf8 34. Rb3 Bxf3 35. gxf3 Bb4 36. Rd3 Rc7 37. f4 f5 38. h5 Ke7 39. Re3 a4 40. Re5 a3 41. Rxf5 a2 42. Rf7+ Kd6 43. f5 Rxf7 44. exf7 Ke7 0-1